| 000 | 01963cam a2200253 4500 | ||
|---|---|---|---|
| 001 | L130831 | ||
| 008 | 050902n2005 000 0 eng u | ||
| 035 | _a(Sirsi) u130831 | ||
| 041 | 0 | _aeng | |
| 110 |
_aOffice of the Deputy Prime Minister _94685 |
||
| 245 |
_aPlanning inquiries into major infrastructure projects _bprocedures _h[electronic resource] |
||
| 260 |
_aLondon _bODPM _c2005 |
||
| 520 | _aODPM Circular 07/2005 explains the new procedures for handling major infrastructure project inquiries in England. The definition of a major infrastructure project as a planning application for a development which the SoS thinks is of national or regional importance is set out in the Town and Country Planning Act 1990 s76A as inserted by the Planning and Compulsory Purchase Act 2004 s44 and is no longer set out in the Rules (see L130591). These procedures apply to major infrastructure projects initiated on or after 24 August 2005 with inquiries announced before then continuing to be processed on the basis of existing procedures and guidance. The purpose of the new inquiry procedures is to significantly improve the time taken to handle major infrastructure projects and the procedures will be monitored over a five-year period. | ||
| 590 | _aIKA130905 | ||
| 650 | _aODPM CIRCULAR 07/2005 | ||
| 650 | _aDTLR CIRCULAR 02/2002 | ||
| 650 | _aPLANNING AND COMPULSORY PURCHASE ACT 2004 S76A | ||
| 650 | _aTOWN AND COUNTRY PLANNING (MAJOR INFRASTRUCTURE PROJECT INQUIRIES PROCEDURE (ENGLAND) RULES 2002 | ||
| 650 | _aTOWN AND COUNTRY PLANNING (MAJOR INFRASTRUCTURE PROJECT INQUIRIES PROCEDURE (ENGLAND) RULES 2005 | ||
| 650 | _aTOWN AND COUNTRY PLANNING ACT 1990 S76A | ||
| 690 | _aENVIRONMENTAL AND LAND CONSULTANCY-PLANNING AND DEVELOPMENT-DEVELOPMENT CONTROL-PLANNING APPLICATIONS | ||
| 856 |
_uhttps://www.communities.gov.uk/documents/planningandbuilding/pdf/147567.pdf _zView the item free of charge at www.communities.gov.uk |
||
| 942 | _n0 | ||
| 999 |
_c104587 _d104587 |
||